00583nam a2200133Ia 4500008004100000100002800041245005200069245017700121260005300298260001400351300000800365650001500373856006100388170221s9999 xx 000 0 und d aAleksander S. Drovnikov aHigher School Teachers Training Model Features  cAleksander S. Drovnikov, Alfiya R. Vazieva, Nailya G. Khakimova, Svetlana M. Konyushenko, Azat S. Valeyev, Elvira V. Maksimova, Alfiya M. Ishmuradova, Elmira R. Khairullina bInternational Review of Management and Marketing cJune 2014 a6:1 xMarketing. uhttp://www.econjournals.com/index.php/irmm/issue/view/71